|
|
|
|
| LEADER |
00000cam a2200000 7i4500 |
| 001 |
0000069347 |
| 005 |
20170118.0 |
| 008 |
170118 |
| 020 |
|
|
|a 9781682852293
|
| 090 |
0 |
0 |
|a 746.92
|b TEX
|
| 245 |
1 |
0 |
|a Textile science and technology
|c Edited by John Tegmeyer
|
| 260 |
|
|
|a USA :
|b Willford press ,
|c 2016
|
| 300 |
|
|
|a 262 p. ;
|c 28.5 cm.
|
| 650 |
|
0 |
|a Textile
|
| 650 |
|
0 |
|a Textile tchnology
|
| 700 |
1 |
|
|a Tegmeyer, John
|
| 999 |
|
|
|a 0001426286
|b Book
|c REFERENCE
|e Cawangan Bandar Tenggara
|
| 999 |
|
|
|a 0001426287
|b Book
|c REFERENCE
|e Cawangan Kota Tinggi
|
| 999 |
|
|
|a 0001426288
|b Book
|c REFERENCE
|e Cawangan Bukit Gambir
|
| 999 |
|
|
|a 0001426289
|b Book
|c REFERENCE
|e Cawangan Segamat
|
| 999 |
|
|
|a 0001426290
|b Book
|c REFERENCE
|e Cawangan Taman Sri Lambak
|
| 999 |
|
|
|a 0001426291
|b Book
|c REFERENCE
|e Cawangan Tangkak
|
| 999 |
|
|
|a 0001426292
|b Book
|c REFERENCE
|e Cawangan Muar
|
| 999 |
|
|
|a 0001426294
|b Book
|c REFERENCE
|e Cawangan Bandar Tenggara
|
| 999 |
|
|
|a 0001426295
|b Book
|c REFERENCE
|e Cawangan Tmn. Ungku Tun Aminah
|
| 999 |
|
|
|a 0001426296
|b Book
|c REFERENCE
|e Cawangan Pontian
|
| 999 |
|
|
|a 0001426297
|b Book
|c REFERENCE
|e Cawangan Mersing
|
| 999 |
|
|
|a 0001426298
|b Book
|c REFERENCE
|e Cawangan Sri Merlong
|
| 999 |
|
|
|a 0001428662
|b Book
|c REFERENCE
|e Perbadanan Perpustakaan Awam Johor
|
| 999 |
|
|
|a 0001428663
|b Book
|c REFERENCE
|e Cawangan Urban Transformation Centre
|
| 999 |
|
|
|a 0001428664
|b Book
|c REFERENCE
|e Cawangan AEON Kulaijaya
|
| 999 |
|
|
|a 000146293
|b Book
|c REFERENCE
|e Cawangan Batu Pahat
|